000 00216nam a2200097Ia 4500
008 240625s9999 xx 000 0 und d
041 _aeng
100 _aLINUX FOR YOU
245 _aMANDRIVA 2008 SPRING
260 _c2008
999 _c34022
_d34022